Rome Decoder - Statistics

General Stats
  • This quiz has been taken 19 times
  • The average score is 9 of 21
Answer Stats
Hint Answer % Correct
I The day Caesar was killed Ides of March
77%
R They covered the Empire, allowing for easier travel Roads
77%
A Stoic philosopher and Emperor, Marcus _____ Aurelius
69%
V Goddess of love and beauty Venus
69%
O Prior to becoming Augustus, he was called Octavian
62%
S Southern island conquered by Rome during the Punic Wars Sicily
62%
T Caesar, Crassus and Pompey made up the first one Triumvirate
62%
T The second Emperor of Rome Tiberius
54%
A Punic War General Scipio _________ Africanus
46%
F Ancient government centre Forum
46%
N Modern day country near the Rhine, conquered by Caesar Netherlands
46%
R First King of Rome Romulus
46%
T Emperor who oversaw Rome at its height Trajan
38%
U Pluto's domain Underworld
38%
A Story by Virgil about a fleeing Trojan soldier Aeneid
31%
F Dynasty from 69 AD - 96 AD Flavian
31%
O Second Emperor during the 'Year of Four' Otho
23%
E Scandalous teen Emperor known by this nickname Elagabalus
15%
D Battle where Pompey beat Caesar in 48 BC Dyrrhachium
8%
Quote Fortes fortuna adiuvat
8%
U Paternal grandmother of Hadrian Ulpia
8%
No matching quizzes found
Score Distribution
Percent of People with Each Score
Percentile by Number Answered
Your Score History
You have not taken this quiz